| 000 | 00682nam a22002297a 4500 | ||
|---|---|---|---|
| 003 | OSt | ||
| 005 | 20210218123348.0 | ||
| 008 | 210218b ||||| |||| 00| 0 eng d | ||
| 020 | _a9780702029936 | ||
| 020 | _a9780702029929 | ||
| 040 |
_aPHNSL _cPHNSL |
||
| 245 |
_aKumar & Clark's clinical medicine / _cParveen Kumar and Michael Clark, (Editors) |
||
| 246 | _aClinical medicine | ||
| 250 | _a7th ed. | ||
| 260 |
_aEdingburgh : _bElsevier, _c2009. |
||
| 300 |
_axii, 1343 p. : _bill. |
||
| 504 | _aIncludes bibliographical references and index | ||
| 650 |
_aClinical medicine _vHandboks, manuals etc. |
||
| 700 | _aKumar, Parveen | ||
| 700 | _aClark, Michael | ||
| 942 |
_2lcc _cBK |
||
| 999 |
_c437 _d437 |
||